[Event "ROM-ch U12"]
[Site "Calimanesti"]
[Date "2014.04.13"]
[Round "9"]
[White "Cujbescu, Radu Stefan"]
[Black "Toma, Mihai Iulian"]
[Result "0-1"]
[WhiteElo "1429"]
[BlackElo "1564"]
[PlyCount "124"]
[EventDate "2014.04.06"]
[EventType "swiss"]
[EventRounds "9"]
[EventCountry "ROU"]
[SourceTitle "CBM 160 Extra"]
[Source "ChessBase"]
[SourceDate "2014.07.01"]
[SourceVersion "1"]
[SourceVersionDate "2014.07.01"]
[SourceQuality "1"]

1. d4 d5 2. c4 e6 3. Nc3 Nf6 4. Nf3 Nbd7 5. Bg5 c6 6. e3 Bb4 7. cxd5 cxd5 8. Bd3 Qa5 9. Qc2 Ne4 10. Bxe4 dxe4 11. Qxe4 Bxc3+ 12. bxc3 Qxc3+ 13. Ke2 Qb2+ 14. Nd2 Qb5+ 15. Qd3 Qxg5 16. g3 Qg6 17. Qb5 a6 18. Qa5 Nf6 19. Rac1 Qh5+ 20. Qxh5 Nxh5 21. Nc4 0-0 22. Nb6 Rb8 23. Rc7 Nf6 24. Rhc1 Nd5 25. Nxd5 exd5 26. Re7 Be6 27. Rcc7 Rfc8 28. Rxb7 Rxb7 29. Rxb7 g6 30. Rb2 Bf5 31. Kd2 Kg7 32. h4 Kh6 33. f3 Kg7 34. g4 Bd7 35. Rb6 Bb5 36. Rd6 Bc4 37. g5 Kf8 38. Rf6 Ke7 39. f4 Bb5 40. Rb6 Rc4 41. Rb7+ Kf8 42. Rb6 Ra4 43. Rd6 Bc4 44. Kc3 Rxa2 45. e4 Ra3+ 46. Kb4 Rb3+ 47. Kc5 Rb5+ 48. Kc6 dxe4 49. Rd8+ Kg7 50. d5 Bxd5+ 51. Kc7 e3 52. Re8 Be6 53. h5 gxh5 54. f5 Rxf5 55. g6 hxg6 56. Kd6 Rd5+ 57. Kc7 e2 58. Rb8 e1Q 59. Rb6 Rd7+ 60. Kb8 Qe5+ 61. Ka8 Bd5+ 62. Rb7 Qe8+ 0-1

[Event "ROM-ch U12"]
[Site "Calimanesti"]
[Date "2014.04.09"]
[Round "4"]
[White "Cujbescu, Radu Stefan"]
[Black "Zapciroiu, Tudor"]
[Result "1-0"]
[WhiteElo "1429"]
[BlackElo "1104"]
[PlyCount "37"]
[EventDate "2014.04.06"]
[EventType "swiss"]
[EventRounds "9"]
[EventCountry "ROU"]
[SourceTitle "CBM 160 Extra"]
[Source "ChessBase"]
[SourceDate "2014.07.01"]
[SourceVersion "1"]
[SourceVersionDate "2014.07.01"]
[SourceQuality "1"]

1. d4 d5 2. c4 e6 3. Nc3 Nf6 4. Nf3 Bb4 5. Bg5 Be7 6. e3 0-0 7. Bd3 Nc6 8. 0-0 b6 9. cxd5 exd5 10. Rc1 Bd7 11. Bxf6 gxf6 12. Nxd5 Kh8 13. Nxe7 Qxe7 14. d5 Nb4 15. Rxc7 Nxa2 16. Bb5 Rfd8 17. Rxd7 Rxd7 18. Bxd7 Qxd7 19. Qb3 1-0

[Event "ROM-ch U12"]
[Site "Calimanesti"]
[Date "2014.04.06"]
[Round "1"]
[White "David, Bogdan Emanuel"]
[Black "Cujbescu, Radu Stefan"]
[Result "1-0"]
[WhiteElo "1761"]
[BlackElo "1429"]
[PlyCount "73"]
[EventDate "2014.04.06"]
[EventType "swiss"]
[EventRounds "9"]
[EventCountry "ROU"]
[SourceTitle "CBM 160 Extra"]
[Source "ChessBase"]
[SourceDate "2014.07.01"]
[SourceVersion "1"]
[SourceVersionDate "2014.07.01"]
[SourceQuality "1"]

1. e4 c6 2. d4 d5 3. exd5 cxd5 4. Bd3 Nc6 5. c3 Nf6 6. Bf4 Bg4 7. Qb3 Qd7 8. Nd2 e6 9. Ngf3 Be7 10. Ne5 Nxe5 11. dxe5 0-0 12. exf6 Bxf6 13. 0-0 Rac8 14. Rfe1 Bh5 15. Nf1 Bg6 16. Bxg6 hxg6 17. Bg3 Rc6 18. Ne3 Rb6 19. Qc2 Rc8 20. Qd2 d4 21. Ng4 Qb5 22. Nxf6+ gxf6 23. cxd4 Qxb2 24. Qxb2 Rxb2 25. Reb1 Rcc2 26. Rxb2 Rxb2 27. Kf1 Rd2 28. Bb8 Rxd4 29. Bxa7 Rd2 30. Ke1 Rb2 31. Bd4 Rb4 32. Bxf6 Re4+ 33. Kf1 Ra4 34. h4 Kh7 35. Rb1 Rxa2 36. Rxb7 Kg8 37. Rb8+ 1-0